¿G-20 construye nuevo orden económico intenacional?
Gardado en:
| Formato: | Texto |
|---|---|
| Etiquetas: |
Engadir etiqueta
Sen Etiquetas, Sexa o primeiro en etiquetar este rexistro!
|
MARC
| LEADER | 00000 a a2200000 04500 | ||
|---|---|---|---|
| 001 | 41190 | ||
| 003 | |||
| 040 | |||
| 245 | |a ¿G-20 construye nuevo orden económico intenacional? | ||
| 773 | |g volumen10, número4 ( , 2009), páginas 1-2 : gráficos | ||
| 999 | |c 26559 |d 26559 | ||
